000 00825 a2200205 4500
008 080820t xxu||||| |||| 00| 0 eng d
010 _aENG-84881
020 _c595.00
_a8173414211
035 _aEN-68414
037 _bD.B.Act / Pub
082 _a323.6/082
100 _aJhunjhunwala, Rajiv R.
245 _aHuman rights governance
_cby Rajiv R. Jhunjhunwala
260 _aDelhi
_bIndian Publishers' Distributors
_c2006
270 _a156-D, Kamla Nagar, Delhi-110007
_bDelhi
_cDelhi
_e110007
_k23846233, 23840715
_l23846233
_mipd@mailandnews.com
300 _avi, 310 p
_c22 cm (Hb)
500 _aIncludes bibliographical references and index
942 _adpl
_cEN
_k323 / JHU
_2ddc
_h323
_mJHU
999 _c841
_d841